Nghiên cứu hiệu lực kháng nấm Collectotrichum capsici gây bệnh thán thư trên cây ớt của phân đoạn Oligochitosan chế tạo bằng phương pháp chiếu xạ kết hợp xử lý hóa học /

Enregistré dans:
Détails bibliographiques
Auteur principal: Phạm Đình Dũng.
Autres auteurs: Dương Hoa Xô., Lê Quang Luân., Nguyễn Tiến Thắng.
Format: Article
Langue:Vietnamese
Sujets:
Tags: Ajouter un tag
Pas de tags, Soyez le premier à ajouter un tag!
Thư viện lưu trữ: Thư viện Trường Đại học Đà Lạt
LEADER 01136nam a2200325 4500
001 DLU210195545
005 ##20210105
040 # # |a DLU  |b vie 
041 # # |a vie 
044 # # |a vn 
100 # # |a Phạm Đình Dũng. 
245 # # |a Nghiên cứu hiệu lực kháng nấm Collectotrichum capsici gây bệnh thán thư trên cây ớt của phân đoạn Oligochitosan chế tạo bằng phương pháp chiếu xạ kết hợp xử lý hóa học /  |c Phạm Đình Dũng, ...[và những người khác]. 
653 # # |a Bệnh thán thư 
653 # # |a Chiếu xạ γ 
653 # # |a Collectotrichum capsici 
653 # # |a Oligochitosan 
653 # # |a Phân đoạn 
700 # # |a Dương Hoa Xô. 
700 # # |a Lê Quang Luân. 
700 # # |a Nguyễn Tiến Thắng. 
773 # # |t Tạp chí Công nghệ Sinh học  |g Số 15(1), 2017, tr. 105-112 
920 # # |a Phòng Tạp chí -- Trung tâm Thông tin - Thư viện Trường Đại học Đà Lạt 
994 # # |a DLU 
900 # # |a True 
911 # # |a Hoàng Thị Huyền 
925 # # |a G 
926 # # |a A 
927 # # |a BB 
980 # # |a Thư viện Trường Đại học Đà Lạt